000 00758nam a2200229Ia 4500
001 dia_4089
003 CHAP
005 20251014153905.0
008 220601s9999 xx 000 0 und d
040 _amxchpua
_erda
090 _aFOLLETO 2415
100 _aCentro panamericano de ecología humana y salud
_9155658
245 _aInformación técnica sobre el agente de control biológico, Isomeris Laird, Mondet, Poinar y Bernadou 1977. Trad. (Eco)
260 _aMéxico
300 _aS.p.
500 _aS/c (Serie ecología, 5)
650 _a1. Control de plagas2. Control biológico de plagasÌ
_9175992
901 _aFOLLETO 2415
902 _aM
905 _a0000001984 mx 0000000000spa00
942 _cFOLL
_2local
999 _c209457
_d209457